000
00308nam a22001337a 4500
008
180205b xxu||||| |||| 00| 0 eng d
020
_a
9780691007960
041
_a
eng
080
_a
94
100
_a
16
101
_a
his
245
_a
a history of modern germany 1648.1840
_c
hajo.h
942
_2
udc
_c
BK
999
_c
41727
_d
41727